Konsep dan perkembangan perpustakaan digital di Malaysia /
Saved in:
| Main Author: | |
|---|---|
| Format: | Thesis Book |
| Language: | English |
| Published: |
2007.
|
| Subjects: | |
| Tags: |
Add Tag
No Tags, Be the first to tag this record!
|
| LEADER | 00887cam a2200241 a 4500 | ||
|---|---|---|---|
| 001 | u748623 | ||
| 003 | SIRSI | ||
| 005 | 200711220917 | ||
| 008 | 071122s2007 my a t 000 0 eng m | ||
| 040 | |a UMM | ||
| 043 | |a a-my--- | ||
| 090 | |a Z278 |b UM 2007 Yes | ||
| 100 | 0 | |a Yesuselvi Manickam. | |
| 245 | 1 | 0 | |a Konsep dan perkembangan perpustakaan digital di Malaysia / |c Yesuselvi Manickam. |
| 260 | |c 2007. | ||
| 300 | |a viii, 195 leaves : |b ill. ; |c 30 cm. | ||
| 502 | |a Dissertation (M.Publish.Stud.) -- Jabatan Pengajian Media, Fakulti Sastera dan Sains Sosial, Universiti Malaya, 2007. | ||
| 504 | |a Bibliography: leaves 190-195. | ||
| 650 | 0 | |a Digital libraries |z Malaysia. | |
| 710 | 2 | |a Universiti Malaya. |b Jabatan Pengajian Media. | |
| 900 | |a NAR | ||
| 596 | |a 1 | ||
| 999 | |a Z278 UM 2007 YES |w LC |c 1 |i A513152475 |d 4/5/2012 |e 14/4/2012 |f 26/11/2007 |g 1 |l STACKS |m P01UTAMA |n 4 |r Y |s Y |t TESIS |u 26/11/2007 | ||
